[Event "Chervonograd Cup 11th"]
[Site "Chervonograd"]
[Date "2015.11.19"]
[Round "2"]
[White "Bilsky, Mykola"]
[Black "Shvedzitskyy, Petro"]
[Result "1/2-1/2"]
[WhiteElo "1775"]
[BlackElo "2012"]
[PlyCount "162"]
[EventDate "2015.11.19"]
[EventType "swiss"]
[EventRounds "9"]
[EventCountry "UKR"]
[SourceTitle "CBM 169 Extra"]
[Source "ChessBase"]
[SourceDate "2015.12.18"]
[SourceVersion "1"]
[SourceVersionDate "2015.12.18"]
[SourceQuality "1"]

1. d4 Nf6 2. Nf3 g6 3. Bf4 Bg7 4. e3 0-0 5. h3 d6 6. Be2 c5 7. c3 b6 8. Nbd2 Bb7 9. 0-0 Nbd7 10. a4 a6 11. Qb3 e5 12. Bh2 e4 13. Ne1 d5 14. dxc5 Nxc5 15. Qc2 Rc8 16. Nb3 Ne6 17. Qd2 Qe7 18. Nc2 Rfd8 19. Ncd4 Nf8 20. Rfd1 N8d7 21. Rac1 Ne5 22. Bxe5 Qxe5 23. g3 h5 24. Bf1 Qe7 25. Qe2 Nd7 26. Kh2 Ne5 27. Qc2 Qf6 28. Kg2 Rc7 29. Be2 Bc8 30. Rf1 Qe7 31. Rh1 Bb7 32. Qd1 Rdc8 33. Qf1 Ra8 34. Qd1 Qf6 35. Rf1 Bc6 36. Qc2 Bd7 37. Ra1 Qd8 38. Rfd1 Qe8 39. Nd2 Qc8 40. Rh1 Qb7 41. Qb3 Be8 42. Rhc1 Nd7 43. Qd1 Nf8 44. N2b3 Nh7 45. Qd2 Ng5 46. h4 Nh7 47. Rd1 Nf6 48. Bf1 Bd7 49. Ne2 Bg4 50. Nbd4 Nd7 51. Nb3 Bf3+ 52. Kh2 Nf6 53. Nbd4 Ng4+ 54. Kg1 Ne5 55. Rdc1 Rd8 56. Bg2 Bxg2 57. Kxg2 Nd3 58. Rf1 Rdc8 59. Nc1 Ne5 60. Nce2 b5 61. axb5 axb5 62. b4 Nf3 63. Qa2 Nxd4 64. exd4 Qc6 65. Rfc1 Qf6 66. Nf4 Rxc3 67. Rxc3 Rxc3 68. Qxd5 e3 69. Ra8+ Kh7 70. fxe3 Rxe3 71. Qd8 Qxd8 72. Rxd8 Rb3 73. Rd7 Rxb4 74. Rxf7 Kg8 75. Rd7 Bxd4 76. Nxg6 Bf6 77. Kf3 Rb1 78. Nf4 Rb3+ 79. Kf2 Rb2+ 80. Ke3 Rb3+ 81. Kf2 Rb2+ 1/2-1/2